Statistics for Countries Of The World In 1950

Click here to take the quiz!

General Stats

  • This quiz has been taken 36 times
    (18 since last reset)
  • The average score is 72 of 79

Answer Stats

Capital Country % Correct
RomeItaly
100%
JerusalemIsrael
100%
MoscowSoviet Union
100%
BudapestHungary
100%
ReykjavíkIceland
100%
New DelhiIndia
100%
BaghdadIraq
100%
DublinIreland
100%
CaracasVenezuela
100%
Mexico CityMexico
94%
LisbonPortugal
94%
BeirutLebanon
94%
WarsawPoland
94%
HelsinkiFinland
94%
LimaPeru
94%
TehranIran
94%
PretoriaSouth Africa
94%
AmsterdamNetherlands
94%
WellingtonNew Zealand
94%
Panama CityPanama
94%
SeoulSouth Korea
94%
Guatemala CityGuatemala
94%
AthensGreece
94%
KarachiPakistan
94%
ParisFrance
94%
MadridSpain
94%
OttawaCanada
94%
Buenos AiresArgentina
94%
CanberraAustralia
94%
BrusselsBelgium
94%
Vatican CityVatican City
94%
MontevideoUruguay
94%
Rio de JaneiroBrazil
94%
SofiaBulgaria
94%
Washington, D.C.United States
94%
StockholmSweden
94%
OsloNorway
94%
LondonUnited Kingdom
94%
SantiagoChile
94%
AnkaraTurkey
94%
BogotáColombia
94%
BangkokThailand
94%
HavanaCuba
94%
PragueCzechoslovakia
94%
CopenhagenDenmark
94%
DamascusSyria
94%
BernSwitzerland
94%
CairoEgypt
94%
San MarinoSan Marino
88%
BucharestRomania
88%
Quezon CityPhilippines
88%
AsunciónParaguay
88%
RiyadhSaudi Arabia
88%
KabulAfghanistan
88%
SeoulNorth Korea
88%
DjakartaIndonesia
88%
Andorra la VellaAndorra
88%
SucreBolivia
88%
TaipeiTaiwan
88%
QuitoEcuador
88%
San SalvadorEl Salvador
88%
Port-au-PrinceHaiti
88%
Addis AbabaEthiopia
88%
TiranaAlbania
88%
MonroviaLiberia
88%
LuxembourgLuxembourg
88%
MonacoMonaco
88%
UlaanbaatarMongolia
88%
BelgradeYugoslavia
88%
TegucigalpaHonduras
82%
VaduzLiechtenstein
82%
Santo DomingoDominican Republic
82%
San JoséCosta Rica
82%
RangoonBurma
82%
KathmanduNepal
82%
ManaguaNicaragua
76%
ThimphuBhutan
71%
Ta'izzYemen
65%
ColomboCeylon
59%

Score Distribution

Percentile by Number Answered

Percent of People with Each Score

Your Score History

You have not taken this quiz since the last reset